000 00493nam a2200181Ia 4500
001 10652
005 20260306161848.0
008 260306t2010||||xx |||||||||||||| ||spa||
041 _aESP
082 _a946.03
_bK413
100 _aKagan, Richard L.
_eAUT
245 0 _aLos cronistas y la corona:
_bla política de la historia en España en las edades media y moderna
260 _c2010
300 _a489 páginas :
_c22 cm.
650 _aGEN
654 _aCHU
942 _cLIB
_dJUS
_fJUS
_2ddc
_n
999 _c10652
_d10652